España en crisis : (Registro nro. 5409)
[ vista simple ]
| 000 -LEADER | |
|---|---|
| fixed length control field | 01402nam a2200289Ia 4500 |
| 003 - CONTROL NUMBER IDENTIFIER | |
| control field | OSt |
| 005 - DATE AND TIME OF LATEST TRANSACTION | |
| control field | 20200527120227.0 |
| 008 - FIXED-LENGTH DATA ELEMENTS--GENERAL INFORMATION | |
| fixed length control field | 191128s2013 sp ad gr 000 0 spa d |
| 020 ## - INTERNATIONAL STANDARD BOOK NUMBER | |
| International Standard Book Number | 9788493986384 |
| 040 ## - CATALOGING SOURCE | |
| Original cataloging agency | CO-JMCR |
| Transcribing agency | CO-JMCR |
| 041 0# - LANGUAGE CODE | |
| Language code of text/sound track or separate title | spa |
| 082 04 - DEWEY DECIMAL CLASSIFICATION NUMBER | |
| Classification number | 330.0945 / |
| Edition number | 23 |
| Item number | L792e |
| 100 1# - MAIN ENTRY--PERSONAL NAME | |
| Personal name | Llopis, Enrique, |
| Relator term | editor |
| 9 (RLIN) | 4715 |
| 245 10 - TITLE STATEMENT | |
| Title | España en crisis : |
| Remainder of title | las grandes depresiones económicas, 1348-2012 / |
| Statement of responsibility, etc. | Enrique Llopis y Jordi Maluquer de Motes ; Antoni Furió, José Antonio Sebastián Amarilla [y otros] |
| 260 ## - PUBLICATION, DISTRIBUTION, ETC. | |
| Place of publication, distribution, etc. | Barcelona : |
| Name of publisher, distributor, etc. | Pasado y presente, |
| Date of publication, distribution, etc. | 2013 |
| 300 ## - PHYSICAL DESCRIPTION | |
| Extent | 252 páginas : |
| Other physical details | gráficos a blanco y negro ; |
| Dimensions | 23 cm. |
| 500 ## - GENERAL NOTE | |
| General note | Incluye índice de nombres y bibliografía. |
| 500 ## - GENERAL NOTE | |
| General note | Incluye del autor en la solapa. |
| 505 ## - FORMATTED CONTENTS NOTE | |
| Formatted contents note | La primera gran depresión europea (siglos xiv-xv) -- El largo siglo XVII : crisis en España, depresión en Castilla -- La crisis del Antiguo Régimen, 1789-1840 -- La gran depresión internacional y la Segunda República -- Los años del hambre |
| 650 14 - SUBJECT ADDED ENTRY--TOPICAL TERM | |
| Topical term or geographic name entry element | Economía--Historia |
| Chronological subdivision | 1348-2012 |
| Geographic subdivision | España |
| 9 (RLIN) | 4716 |
| 650 24 - SUBJECT ADDED ENTRY--TOPICAL TERM | |
| Topical term or geographic name entry element | Economía -- Historia -- -- |
| Chronological subdivision | 1348-2012 |
| Geographic subdivision | Europa |
| 9 (RLIN) | 4717 |
| 650 24 - SUBJECT ADDED ENTRY--TOPICAL TERM | |
| Topical term or geographic name entry element | Política económica |
| Chronological subdivision | Historia |
| Geographic subdivision | España |
| 9 (RLIN) | 4718 |
| 700 1# - ADDED ENTRY--PERSONAL NAME | |
| Personal name | Maluquer de Motes, Jordi, |
| Relator term | editor |
| 9 (RLIN) | 4719 |
| 700 1# - ADDED ENTRY--PERSONAL NAME | |
| Personal name | Furió, Antoni, |
| Relator term | autor |
| 9 (RLIN) | 4720 |
| 700 1# - ADDED ENTRY--PERSONAL NAME | |
| Personal name | Sebastián Amarilla, José Antonio, |
| Relator term | autor |
| 9 (RLIN) | 4721 |
| 942 ## - ADDED ENTRY ELEMENTS (KOHA) | |
| Source of classification or shelving scheme | Dewey Decimal Classification |
| Koha item type | Books |
| Withdrawn status | Lost status | Source of classification or shelving scheme | Materials specified (bound volume or other part) | Damaged status | Not for loan | Home library | Current library | Shelving location | Date acquired | Source of acquisition | Cost, normal purchase price | Total Checkouts | Full call number | Barcode | Date last seen | Copy number | Price effective from | Koha item type |
|---|---|---|---|---|---|---|---|---|---|---|---|---|---|---|---|---|---|---|
| Dewey Decimal Classification | Donación--15/04/2018-- | Biblioteca Pública José María del Castillo y Rada | Biblioteca Pública José María del Castillo y Rada | General Stacks | 11/28/2019 | Donación | 0.00 | 330.0945 / L792e | 430001872 | 05/16/2024 | Ej.1 | 11/28/2019 | Books |